Porovnanie špecializovaných predajní - zlatníctiev bakalárska práca

Na minha lista:
Detalhes bibliográficos
Autor principal: Belišová, Mária
Autor Corporativo: Podnikovohospodárska fakulta EU so sídlom v Košiciach. Katedra obchodného podnikania
Outros Autores: Gajdoš, Jozef, 1962-2025
Formato: Livro
Idioma:eslovaco
Publicado em: Košice 2015
Tags: Adicionar Tag
Sem tags, seja o primeiro a adicionar uma tag!

MARC

LEADER 00000nbm a2200000 4500
001 0202213
005 20161212094428.0
041 0 |a slo 
044 |a SK 
245 1 0 |a Porovnanie špecializovaných predajní - zlatníctiev  |b bakalárska práca  |c Mária Belišová ; školiteľ: Jozef Gajdoš 
264 1 |a Košice  |c 2015 
300 |a 46 s. 
100 1 |a Belišová, Mária 
700 1 |a Gajdoš, Jozef, 1962-2025 
710 2 |a Podnikovohospodárska fakulta EU so sídlom v Košiciach. Katedra obchodného podnikania